000 00526nam a2200193Ia 4500
003 GCL
008 140319s9999 xx 000 0 ara d
040 _aGCL /
_cGCL
082 0 4 _a414.5
_bم ب
100 1 _aمنير سلطان
245 1 0 _aالبديع فى شعر شوقى /
_cمنير سلطان
260 _a[S.N] :
_bمنشاة المعارف الاسلامية
300 _a353 ص
490 _a
650 0 4 _aالادب العربى
650 0 4 _aالبلاغة
650 0 4 _aالبديع
942 _2ddc
_cBK
999 _c40230
_d40230